Score 0/16 Timer 02:00
1 Play Today
Question Answer Wrong Answers
Santa Claus Christmas
96.4%
Halloween
0.2%
Valentine's Day
0.1%
Easter
0.1%
Vampire Halloween
96.1%
Christmas
0.2%
Valentine's Day
0.3%
Easter
0.1%
Zombie Halloween
96.1%
Christmas
0.2%
Valentine's Day
0.2%
Easter
0.3%
Romance Valentine's Day
96%
Christmas
0.3%
Halloween
0.2%
Easter
0.2%
Heart Valentine's Day
96%
Christmas
0.3%
Halloween
0.2%
Easter
0.1%
Black Cat Halloween
96%
Christmas
0.3%
Valentine's Day
0.2%
Easter
0.2%
Egg Decorating Easter
95.9%
Christmas
0.3%
Halloween
0.3%
Valentine's Day
0.2%
Tree Ornament Christmas
95.9%
Halloween
0.3%
Valentine's Day
0.2%
Easter
0.3%
Bunny Easter
95.7%
Christmas
0.2%
Halloween
0.3%
Valentine's Day
0.4%
Jack-o'-lantern Halloween
95.6%
Christmas
0.7%
Valentine's Day
0.3%
Easter
0.3%
Rose Valentine's Day
95.2%
Christmas
0.6%
Halloween
0.1%
Easter
0.7%
Cupid Valentine's Day
94.6%
Christmas
1.1%
Halloween
0.5%
Easter
0.6%
Holly Christmas
94.1%
Halloween
0.8%
Valentine's Day
0.5%
Easter
1.3%
Nativity Christmas
89.9%
Halloween
1.7%
Valentine's Day
1.1%
Easter
3.9%
Lent Easter
86%
Christmas
7.2%
Halloween
2%
Valentine's Day
1.5%
Resurrection of Jesus Easter
79.6%
Christmas
17%
Halloween
0.2%
Valentine's Day
0.2%
Remove Ads.
Support Sporcle.
Get the best of Sporcle when you Go Orange. This ad-free experience offers more features, more stats, and more fun while also helping to support Sporcle. Thank you for becoming a member.

You're not logged in!

Compare scores with friends on all Sporcle quizzes.
OR
Log In

Sporcle TV

Today on Sporcle TV


Watch our educational content, quiz creation guides, and fun videos on Sporcle TV.

Show Comments

Extras

Top Quizzes Today


Score Distribution

Paid Content

Your Account Isn't Verified!

In order to create a playlist on Sporcle, you need to verify the email address you used during registration. Go to your Sporcle Settings to finish the process.

Report this User

Report this user for behavior that violates our Community Guidelines.

Details: